[Event "Fortaleza Cearense-ch"]
[Site "Fortaleza"]
[Date "2021.??.??"]
[Round "5"]
[White "Nunes, Moezio Correia"]
[Black "Da Paixao, Irineu Vieira"]
[Result "1-0"]
[WhiteElo "1740"]
[BlackElo "1667"]
[PlyCount "102"]
[EventDate "2021.11.12"]
[EventType "swiss"]
[EventRounds "7"]
[EventCountry "BRA"]
[SourceTitle "CBM 205 Extra"]
[Source "ChessBase"]
[SourceDate "2022.01.31"]
[SourceVersion "1"]
[SourceVersionDate "2022.01.31"]
[SourceQuality "1"]

1. e4 e5 2. d4 d5 3. dxe5 d4 4. c3 Bc5 5. Nf3 Nc6 6. Bb5 Bg4 7. Qa4 Nge7 8. Nxd4 0-0 9. Nxc6 Nxc6 10. Bxc6 bxc6 11. 0-0 Qe7 12. Bf4 Rad8 13. Qxc6 Rd3 14. b4 Bb6 15. a4 a6 16. a5 Ba7 17. Re1 Bxf2+ 18. Kxf2 Bh5 19. Qxa6 Rfd8 20. Kg1 Qd7 21. Qc4 Qg4 22. Bg3 h6 23. a6 Rd1 24. Na3 Rxa1 25. Rxa1 Rd1+ 26. Rxd1 Qxd1+ 27. Qf1 Qa4 28. Nb1 Qa2 29. e6 fxe6 30. Bxc7 Be2 31. Qe1 Qxa6 32. Nd2 Qd3 33. Be5 Qe3+ 34. Kh1 Qd3 35. Qg3 Qd7 36. Bxg7 Kh7 37. Bd4 Qf7 38. Qg7+ Qxg7 39. Bxg7 Kxg7 40. c4 Bd1 41. Kg1 Kf7 42. Kf2 Ke7 43. e5 Kd7 44. Ke3 Kc6 45. Kd4 Be2 46. Ne4 Bf1 47. Nc5 Bxg2 48. Nxe6 Bh3 49. Nf4 Bf5 50. b5+ Kb6 51. e6 Kc7 1-0

[Event "Fortaleza Gadelha Memorial"]
[Site "Fortaleza"]
[Date "2019.08.17"]
[Round "4"]
[White "Dos Santos, Francisco R Santiag"]
[Black "Da Paixao, Irineu Vieira"]
[Result "0-1"]
[WhiteElo "1209"]
[BlackElo "1689"]
[PlyCount "72"]
[EventDate "2019.08.15"]
[EventType "swiss"]
[EventRounds "7"]
[EventCountry "BRA"]
[SourceTitle "CBM 191 Extra"]
[Source "ChessBase"]
[SourceDate "2019.09.30"]
[SourceVersion "1"]
[SourceVersionDate "2019.09.30"]
[SourceQuality "1"]

1. e4 c5 2. Nf3 Nf6 3. Nc3 Nc6 4. Bc4 e6 5. 0-0 Be7 6. Re1 d6 7. d3 0-0 8. Ne2 a6 9. Be3 Ng4 10. Qd2 b5 11. Bb3 a5 12. a3 a4 13. Ba2 Bb7 14. Bg5 h6 15. Be3 Bf6 16. c3 Na5 17. Qc2 Rc8 18. Bb1 Nxe3 19. fxe3 Nb3 20. Ra2 e5 21. d4 Re8 22. Rf1 Bg5 23. Kh1 Bxe3 24. Ng3 g6 25. Qd3 cxd4 26. Qxb5 Bc6 27. Qc4 Qd7 28. cxd4 Bxe4 29. Nxe4 Kg7 30. Nxe5 dxe5 31. Nf6 Rxc4 32. Nxd7 exd4 33. Bd3 Rc1 34. Rxc1 Nxc1 35. Bc4 Nxa2 36. Bxa2 d3 0-1

[Event "Teresina op 7th"]
[Site "Teresina"]
[Date "2019.08.03"]
[Round "3"]
[White "Meneses, Lourenco Teixeira D"]
[Black "Da Paixao, Irineu Vieira"]
[Result "1-0"]
[WhiteElo "1992"]
[BlackElo "1689"]
[PlyCount "79"]
[EventDate "2019.08.02"]
[EventType "swiss"]
[EventRounds "6"]
[EventCountry "BRA"]
[SourceTitle "EXT 2020"]
[Source "ChessBase"]
[SourceDate "2019.10.17"]
[SourceVersion "1"]
[SourceVersionDate "2019.10.17"]
[SourceQuality "1"]

1. d4 Nf6 2. Bg5 Ne4 3. Bf4 d5 4. f3 Nd6 5. Nd2 Bf5 6. e3 e6 7. g4 Bg6 8. h4 h5 9. g5 Be7 10. Bd3 Bxd3 11. cxd3 c6 12. Ne2 Nd7 13. Nb3 f6 14. Qd2 e5 15. Bh2 Nf5 16. dxe5 Nxh4 17. Ng1 fxg5 18. 0-0-0 a5 19. Nd4 Bb4 20. Qf2 Qe7 21. f4 g4 22. Bg3 Ng6 23. e6 Nf6 24. f5 Nf8 25. Nge2 a4 26. Nf4 Bd6 27. Rh2 Qc7 28. Rdh1 Qa5 29. Nxh5 Qc5+ 30. Kb1 Bxg3 31. Nxg7+ Ke7 32. Qxg3 Rxh2 33. Qc7+ N8d7 34. Qxh2 Qb6 35. exd7 Nxd7 36. f6+ Nxf6 37. Qe5+ Kf7 38. Rf1 Qd8 39. Nh5 Qe7 40. Rxf6+ 1-0

[Event "Quixada Sertao op 8th"]
[Site "Quixada"]
[Date "2019.07.14"]
[Round "5"]
[White "Da Paixao, Irineu Vieira"]
[Black "Da Silva, Agamenon Viana"]
[Result "1-0"]
[WhiteElo "1688"]
[BlackElo "1636"]
[PlyCount "47"]
[EventDate "2019.07.12"]
[EventType "swiss"]
[EventRounds "6"]
[EventCountry "BRA"]
[SourceTitle "EXT 2020"]
[Source "ChessBase"]
[SourceDate "2019.10.17"]
[SourceVersion "1"]
[SourceVersionDate "2019.10.17"]
[SourceQuality "1"]

1. d4 Nf6 2. c4 e6 3. Nf3 d6 4. Nc3 Be7 5. e4 0-0 6. Bg5 h6 7. Be3 Nbd7 8. h3 e5 9. Qd2 a6 10. Bd3 b6 11. 0-0 Bb7 12. Rad1 c6 13. Nh2 Nh7 14. f4 exd4 15. Bxd4 a5 16. Qe2 g6 17. Ng4 Bf6 18. e5 Bg7 19. f5 Qg5 20. f6 dxe5 21. Be3 Qh5 22. fxg7 Kxg7 23. Bxh6+ Kg8 24. Rf6 1-0

[Event "Quixada Sertao op 8th"]
[Site "Quixada"]
[Date "2019.07.13"]
[Round "3"]
[White "Da Paixao, Irineu Vieira"]
[Black "Fonseca, Ulises"]
[Result "1-0"]
[WhiteElo "1688"]
[BlackElo "1673"]
[PlyCount "37"]
[EventDate "2019.07.12"]
[EventType "swiss"]
[EventRounds "6"]
[EventCountry "BRA"]
[SourceTitle "EXT 2020"]
[Source "ChessBase"]
[SourceDate "2019.10.17"]
[SourceVersion "1"]
[SourceVersionDate "2019.10.17"]
[SourceQuality "1"]

1. d4 d5 2. Bg5 h6 3. Bf4 Nf6 4. Nc3 Bf5 5. Nf3 Nc6 6. e3 Nb4 7. Bb5+ Nd7 8. Ba4 e6 9. a3 Nc6 10. 0-0 Qf6 11. Bxc7 Qg6 12. Nh4 Qg4 13. Nxf5 Qxf5 14. g4 Qf6 15. f4 g5 16. f5 e5 17. Nxd5 Qg7 18. f6 Qg6 19. dxe5 1-0

[Event "Fortaleza Capivarol op"]
[Site "Fortaleza"]
[Date "2018.11.04"]
[Round "6"]
[White "De Lima, Nilo Fernandes"]
[Black "Da Paixao, Irineu Vieira"]
[Result "1/2-1/2"]
[WhiteElo "1675"]
[BlackElo "1708"]
[PlyCount "88"]
[EventDate "2018.11.02"]
[EventType "swiss"]
[EventRounds "6"]
[EventCountry "BRA"]
[SourceTitle "CBM 187 Extra"]
[Source "ChessBase"]
[SourceDate "2018.11.04"]
[SourceVersion "1"]
[SourceVersionDate "2018.11.04"]
[SourceQuality "1"]

1. e4 e5 2. Nf3 Nc6 3. Bc4 Be7 4. d4 exd4 5. Nxd4 Ne5 6. Qe2 Nf6 7. Nc3 0-0 8. 0-0 a6 9. Bf4 Ng6 10. Bg3 d6 11. Rad1 Bd7 12. Nd5 Nxd5 13. Bxd5 Qc8 14. f4 c6 15. Bb3 c5 16. Nf3 Bc6 17. f5 Ne5 18. Nxe5 dxe5 19. Bxe5 Kh8 20. Bd5 f6 21. Bxc6 Qxc6 22. Bc3 b5 23. b3 Rfe8 24. Qg4 Bf8 25. Rfe1 Rad8 26. Rxd8 Rxd8 27. Qe2 c4 28. b4 Qb6+ 29. Kh1 Re8 30. Qe3 Qxe3 31. Rxe3 Bd6 32. a3 Bf4 33. Re1 Rd8 34. g3 Bc7 35. Kg2 Be5 36. Bxe5 Rd2+ 37. Kf3 fxe5 38. Re2 Rd6 39. Kf2 Kg8 40. Ke1 Rd4 41. Kf2 Kf7 42. Ke3 c3 43. Kf2 Kf6 44. Re3 Rd2+ 1/2-1/2

[Event "Luiz Rego Memorial 6th"]
[Site "Teresina"]
[Date "2018.08.03"]
[Round "1"]
[White "Pereira, Silvio Cunha"]
[Black "Da Paixao, Irineu Vieira"]
[Result "1-0"]
[WhiteElo "2252"]
[BlackElo "1691"]
[PlyCount "55"]
[EventDate "2018.08.03"]
[EventType "swiss"]
[EventRounds "6"]
[EventCountry "BRA"]
[SourceTitle "CBM 186 Extra"]
[Source "ChessBase"]
[SourceDate "2018.08.24"]
[SourceVersion "1"]
[SourceVersionDate "2018.08.24"]
[SourceQuality "1"]

1. e4 e5 2. Nf3 Nc6 3. Bb5 Nge7 4. 0-0 a6 5. Bc4 Ng6 6. d4 exd4 7. c3 Nce5 8. Bb3 d3 9. Nxe5 Nxe5 10. f4 Bc5+ 11. Kh1 Ng6 12. Qxd3 0-0 13. f5 Ne5 14. Qg3 Bd6 15. Bg5 Qe8 16. Bf6 Ng6 17. Qg4 Kh8 18. fxg6 fxg6 19. Bxg7+ Kxg7 20. Nd2 Be5 21. Rxf8 Qxf8 22. Rf1 Qe8 23. Rf7+ Kh8 24. Qh4 Bg7 25. Nf3 d5 26. Bxd5 h6 27. Ng5 c6 28. Qxh6+ 1-0

[Event "Fortaleza Genti Memorial"]
[Site "Fortaleza"]
[Date "2017.09.24"]
[Round "5"]
[White "Da Paixao, Irineu Vieira"]
[Black "Simonetti Gomes, Sergio Augusto"]
[Result "0-1"]
[WhiteElo "1732"]
[BlackElo "1850"]
[PlyCount "84"]
[EventDate "2017.09.22"]
[EventType "swiss"]
[EventRounds "6"]
[EventCountry "BRA"]
[SourceTitle "CBM 180 Extra"]
[Source "ChessBase"]
[SourceDate "2017.10.06"]
[SourceVersion "1"]
[SourceVersionDate "2017.10.06"]
[SourceQuality "1"]

1. d4 Nf6 2. Nf3 g6 3. e3 Bg7 4. Bd3 0-0 5. b3 c5 6. Bb2 Nc6 7. c3 d6 8. Nbd2 Bd7 9. 0-0 a6 10. Rc1 b5 11. Bb1 Qb6 12. e4 cxd4 13. cxd4 Rfc8 14. h3 Nb4 15. Qe2 Nh5 16. e5 Nf4 17. Qe4 Nbd5 18. Qe1 Rxc1 19. Bxc1 Nc3 20. Bb2 Nxb1 21. Qxb1 Bf5 22. Qa1 Rc8 23. Re1 Rc2 24. Bc3 Qc7 25. Bb4 Nd3 26. exd6 exd6 27. Re8+ Bf8 28. Qf1 Nxb4 29. Qe2 Rxa2 30. Qe3 Kg7 31. g4 Bd7 32. Rxf8 Kxf8 33. Qh6+ Ke8 34. Ne4 Nd5 35. Qxh7 Qc1+ 36. Kg2 Qf4 37. Qh8+ Ke7 38. Qh4+ Nf6 39. Nxf6 Qxf6 40. g5 Qf5 41. Qg3 Bc6 42. h4 Ra3 0-1

[Event "Cearense Classic op"]
[Site "Fortaleza"]
[Date "2017.09.10"]
[Round "5"]
[White "Da Paixao, Irineu Vieira"]
[Black "Martins Amaro, Roger Trindade"]
[Result "0-1"]
[WhiteElo "1767"]
[BlackElo "1800"]
[PlyCount "52"]
[EventDate "2017.09.07"]
[EventType "swiss"]
[EventRounds "6"]
[EventCountry "BRA"]
[SourceTitle "EXT 2019"]
[Source "ChessBase"]
[SourceDate "2018.10.10"]
[SourceVersion "1"]
[SourceVersionDate "2018.10.10"]
[SourceQuality "1"]

1. d4 Nf6 2. Nf3 e6 3. e3 d5 4. Bd3 c5 5. b3 Bd6 6. 0-0 0-0 7. Bb2 Nbd7 8. Ne5 a6 9. Nd2 b5 10. f4 c4 11. Be2 Bb7 12. c3 a5 13. Rf3 Ne4 14. Rh3 Nxd2 15. Qxd2 f5 16. Rf1 Nf6 17. Qe1 Ne4 18. g4 Bxe5 19. fxe5 Qg5 20. Rf4 g6 21. Bf3 h5 22. Bxe4 dxe4 23. Kh1 fxg4 24. Qg3 Rxf4 25. exf4 Qf5 26. Rh4 e3+ 0-1

[Event "Cearense Classic op"]
[Site "Fortaleza"]
[Date "2017.09.10"]
[Round "6"]
[White "Da Paixao, Irineu Vieira"]
[Black "Vacis, Gabriel Nunes"]
[Result "1/2-1/2"]
[WhiteElo "1767"]
[BlackElo "1653"]
[PlyCount "120"]
[EventDate "2017.09.07"]
[EventType "swiss"]
[EventRounds "6"]
[EventCountry "BRA"]
[SourceTitle "EXT 2019"]
[Source "ChessBase"]
[SourceDate "2018.10.10"]
[SourceVersion "1"]
[SourceVersionDate "2018.10.10"]
[SourceQuality "1"]

1. d4 d5 2. Nf3 Nc6 3. e3 a6 4. Bd3 Nf6 5. Nbd2 Bg4 6. c3 e6 7. Qc2 Bd6 8. h3 Bh5 9. Qa4 Qc8 10. b4 0-0 11. Qc2 e5 12. Bf5 Qd8 13. g4 Bg6 14. Bb2 exd4 15. 0-0-0 dxc3 16. Bxc3 Re8 17. Qb2 Qe7 18. Rde1 Be5 19. Nxe5 Nxe5 20. Qc2 Nc6 21. Qb2 Ne4 22. Nxe4 dxe4 23. Rd1 f6 24. h4 Bxf5 25. gxf5 a5 26. b5 Nb4 27. Bxb4 axb4 28. Qb3+ Kh8 29. Rd4 Qc5+ 30. Kb1 Qxf5 31. Rhd1 Qxf2 32. R4d2 Qxh4 33. Qxb4 Qg5 34. Qb3 Qf5 35. Rd5 Qe6 36. Qc4 c6 37. bxc6 bxc6 38. Rc5 Qxc4 39. Rxc4 Rab8+ 40. Ka1 Rec8 41. Rxe4 c5 42. Rc4 h6 43. a4 Rb3 44. e4 Kh7 45. Ka2 Re3 46. Rd5 g5 47. a5 Re2+ 48. Ka3 g4 49. a6 g3 50. a7 Ra8 51. Rd7+ Kg6 52. Rxc5 Rxe4 53. Rcc7 Kh5 54. Rb7 Re3+ 55. Ka4 Re4+ 56. Kb5 g2 57. Rd1 Rf4 58. Rg1 Rf5+ 59. Kb6 Rf2 60. Rg7 Rb2+ 1/2-1/2

[Event "Cearense Classic op"]
[Site "Fortaleza"]
[Date "2017.09.09"]
[Round "3"]
[White "Da Paixao, Irineu Vieira"]
[Black "Nunes, Moezio Correia"]
[Result "1-0"]
[WhiteElo "1767"]
[BlackElo "1868"]
[PlyCount "89"]
[EventDate "2017.09.07"]
[EventType "swiss"]
[EventRounds "6"]
[EventCountry "BRA"]
[SourceTitle "EXT 2019"]
[Source "ChessBase"]
[SourceDate "2018.10.10"]
[SourceVersion "1"]
[SourceVersionDate "2018.10.10"]
[SourceQuality "1"]

1. d4 d6 2. Nd2 Nf6 3. b3 Nbd7 4. c4 c5 5. Bb2 g6 6. Ngf3 Bg7 7. e4 0-0 8. Bd3 Nh5 9. Qc2 Qb6 10. d5 Bh6 11. 0-0 Nf4 12. Rfe1 e5 13. Bf1 Nf6 14. h3 N6h5 15. Kh2 g5 16. g3 Ng6 17. Be2 Ng7 18. Rg1 g4 19. hxg4 Bxg4 20. Nf1 f5 21. Ne1 Bxe2 22. Qxe2 fxe4 23. Ne3 Nf5 24. Ng4 Rf7 25. Qxe4 Raf8 26. Nd3 Bg7 27. Rg2 Nd4 28. Bxd4 exd4 29. f4 Re7 30. Qf3 h5 31. Ngf2 h4 32. Qg4 hxg3+ 33. Rxg3 Rf6 34. Rag1 Qc7 35. Qh5 Kf8 36. Rxg6 Rxg6 37. Rxg6 Qd8 38. Re6 Rf7 39. Ne4 Qa5 40. a4 b5 41. Kg3 bxa4 42. Nxd6 Re7 43. Qf5+ Kg8 44. Rxe7 Qd2 45. Re8+ 1-0

[Event "Cearense Classic op"]
[Site "Fortaleza"]
[Date "2017.09.08"]
[Round "2"]
[White "Rodrigues Correia, Aristoteles de Jesu"]
[Black "Da Paixao, Irineu Vieira"]
[Result "0-1"]
[WhiteElo "1718"]
[BlackElo "1767"]
[PlyCount "84"]
[EventDate "2017.09.07"]
[EventType "swiss"]
[EventRounds "6"]
[EventCountry "BRA"]
[SourceTitle "EXT 2019"]
[Source "ChessBase"]
[SourceDate "2018.10.10"]
[SourceVersion "1"]
[SourceVersionDate "2018.10.10"]
[SourceQuality "1"]

1. d4 Nf6 2. c4 c6 3. g3 e6 4. Bg2 Na6 5. a3 Nc7 6. Nf3 Be7 7. Nc3 b6 8. 0-0 Bb7 9. Ne5 0-0 10. b4 d5 11. b5 cxb5 12. cxb5 Qe8 13. a4 Rc8 14. Qd3 Nd7 15. Nf3 Bb4 16. Bd2 e5 17. dxe5 Nc5 18. Qb1 Bxc3 19. Bxc3 Ne4 20. Bb4 Nc5 21. Ng5 g6 22. Qb2 h6 23. Nf3 N7e6 24. Qd2 Kh7 25. Bh3 Rd8 26. Rac1 Rg8 27. Bxe6 Nb3 28. Qe3 Nxc1 29. Rxc1 Qxe6 30. Nd4 Qd7 31. Bd2 Rh8 32. e6 Qe7 33. Qxh6+ Kg8 34. Qf4 fxe6 35. Qg4 Qf7 36. Nxe6 Rd7 37. Bb4 d4 38. Nf8 Rxh2 39. f3 Rxe2 40. Nxg6 Qg7 41. Bf8 Bxf3 42. Ne7+ Rdxe7 0-1

[Event "Fortaleza Edmar Monte 4th"]
[Site "Fortaleza"]
[Date "2017.07.30"]
[Round "5"]
[White "De Araujo, Jose Claudio"]
[Black "Da Paixao, Irineu Vieira"]
[Result "1-0"]
[WhiteElo "1883"]
[BlackElo "1767"]
[PlyCount "83"]
[EventDate "2017.07.27"]
[EventType "swiss"]
[EventRounds "6"]
[EventCountry "BRA"]
[SourceTitle "EXT 2018"]
[Source "ChessBase"]
[SourceDate "2017.10.13"]
[SourceVersion "1"]
[SourceVersionDate "2017.10.13"]
[SourceQuality "1"]

1. d4 g6 2. c4 Bg7 3. e4 Nf6 4. Nc3 d6 5. Be2 Nc6 6. Bg5 Nd7 7. Nf3 f6 8. Be3 0-0 9. Qd2 e5 10. d5 Nb4 11. a3 Na6 12. b4 Qe7 13. Bh6 c5 14. dxc6 bxc6 15. Bxg7 Kxg7 16. Rd1 Rd8 17. Qxd6 Qxd6 18. Rxd6 Bb7 19. 0-0 Nf8 20. Rfd1 Rxd6 21. Rxd6 Kf7 22. c5 Rc8 23. Nd2 Nc7 24. Bg4 Re8 25. Nc4 Re7 26. Na5 Nb5 27. Nxb5 cxb5 28. c6 Ba6 29. Be2 Rc7 30. Rd5 Ke7 31. Bxb5 Bxb5 32. Rxb5 Ne6 33. Rd5 a6 34. a4 Nf4 35. Rd2 Ne6 36. b5 axb5 37. axb5 Nd4 38. b6 Rxc6 39. Nxc6+ Nxc6 40. b7 Ke6 41. Rc2 Nb8 42. Rc8 1-0

[Event "Fortaleza Edmar Monte 4th"]
[Site "Fortaleza"]
[Date "2017.07.29"]
[Round "3"]
[White "Da Paixao, Irineu Vieira"]
[Black "Da Silva Sousa, Virginio Aleixo"]
[Result "1-0"]
[WhiteElo "1767"]
[BlackElo "1633"]
[PlyCount "87"]
[EventDate "2017.07.27"]
[EventType "swiss"]
[EventRounds "6"]
[EventCountry "BRA"]
[SourceTitle "EXT 2018"]
[Source "ChessBase"]
[SourceDate "2017.10.13"]
[SourceVersion "1"]
[SourceVersionDate "2017.10.13"]
[SourceQuality "1"]

1. d4 d6 2. Nf3 g6 3. Nbd2 Bg7 4. e3 Nf6 5. Bd3 0-0 6. b3 Nbd7 7. Bb2 c6 8. 0-0 Qc7 9. Re1 e5 10. e4 exd4 11. Nxd4 a6 12. Rc1 c5 13. Ne2 Ne5 14. Ng3 Nxd3 15. cxd3 Nd7 16. Bxg7 Kxg7 17. d4 b6 18. Nf3 Bb7 19. Qd2 Rae8 20. Nh4 Qd8 21. Qf4 Re6 22. Qg4 Kh8 23. d5 Ne5 24. Qh3 Rf6 25. Nf1 Rf4 26. g3 Nf3+ 27. Nxf3 Rxf3 28. Nd2 Bc8 29. Qf1 Rf6 30. Re3 Re8 31. f4 g5 32. Rf3 Bg4 33. Rf2 Rh6 34. Qd3 b5 35. Qe3 f6 36. f5 Bh5 37. Nf3 Bf7 38. Qd3 Re7 39. Re2 Qe8 40. Rce1 Bh5 41. Re3 Bxf3 42. Rxf3 Rh3 43. g4 Rxf3 44. Qxf3 1-0